<?xml version="1.0" encoding="UTF-8"?><?xml-stylesheet type="text/xsl" href="static/style.xsl"?><OAI-PMH xmlns="http://www.openarchives.org/OAI/2.0/" xmlns:xsi="http://www.w3.org/2001/XMLSchema-instance" xsi:schemaLocation="http://www.openarchives.org/OAI/2.0/ http://www.openarchives.org/OAI/2.0/OAI-PMH.xsd"><responseDate>2026-06-29T16:48:41Z</responseDate><request verb="GetRecord" identifier="oai:docta.ucm.es:20.500.14352/129935" metadataPrefix="marc">https://docta.ucm.es/rest/oai/request</request><GetRecord><record><header><identifier>oai:docta.ucm.es:20.500.14352/129935</identifier><datestamp>2026-01-22T14:59:08Z</datestamp><setSpec>com_20.500.14352_14</setSpec><setSpec>col_20.500.14352_21</setSpec></header><metadata><record xmlns="http://www.loc.gov/MARC21/slim" xmlns:dcterms="http://purl.org/dc/terms/" xmlns:xsi="http://www.w3.org/2001/XMLSchema-instance" xmlns:doc="http://www.lyncode.com/xoai" xsi:schemaLocation="http://www.loc.gov/MARC21/slim http://www.loc.gov/standards/marcxml/schema/MARC21slim.xsd">
   <leader>00925njm 22002777a 4500</leader>
   <datafield ind2=" " ind1=" " tag="042">
      <subfield code="a">dc</subfield>
   </datafield>
   <datafield ind2=" " ind1=" " tag="720">
      <subfield code="a">Marín Díaz, Gabriel</subfield>
      <subfield code="e">author</subfield>
   </datafield>
   <datafield ind2=" " ind1=" " tag="720">
      <subfield code="a">Galán Hernández, José Javier</subfield>
      <subfield code="e">author</subfield>
   </datafield>
   <datafield ind2=" " ind1=" " tag="720">
      <subfield code="a">Galdón Salvador, José Luis</subfield>
      <subfield code="e">author</subfield>
   </datafield>
   <datafield ind2=" " ind1=" " tag="260">
      <subfield code="c">2024-03-01</subfield>
   </datafield>
   <datafield ind2=" " ind1=" " tag="520">
      <subfield code="a">The question of whether machines can think, proposed by Alan M. Turing (Turing, 1950), has become increasingly relevant in today's world. Artificial Intelligence (AI) has made remarkable progress,surpassing human capabilitiesin varioustaskstraditionally associated with intelligence and creativity. However, as AI becomes more pervasive in decision-making processes within businesses, concerns regarding transparency, interpretability, and ethics arise. This article explores the importance of Explainable Artificial Intelligence (XAI) in facilitating ethical decisionmaking within the business context.</subfield>
   </datafield>
   <datafield ind1="8" ind2=" " tag="024">
      <subfield code="a">Marín Díaz, G., Galán Hernández, J. J., &amp; Galdón Salvador, J. L. (2024). Explainable artificial intelligence (XAI) and ethical decision-making in business. En M. Arias Oliva, J. Pelegrín Borondo, K. Murata, A. M. Lara Palma, &amp; M. Ollé Sesé (Eds.), Smart Ethics in the Digital World: Proceedings of the ETHICOMP 2024 (pp. 19–22). Universidad de La Rioja. ISBN: 978-84-09-58160-3.</subfield>
   </datafield>
   <datafield ind1="8" ind2=" " tag="024">
      <subfield code="a">978-84-09-58160-3</subfield>
   </datafield>
   <datafield ind1="8" ind2=" " tag="024">
      <subfield code="a">https://hdl.handle.net/20.500.14352/129935</subfield>
   </datafield>
   <datafield ind1="8" ind2=" " tag="024">
      <subfield code="a">https://dialnet.unirioja.es/servlet/libro?codigo=969458</subfield>
   </datafield>
   <datafield ind2="0" ind1="0" tag="245">
      <subfield code="a">Explainable artificial Intelligence ( XAI ) and ethical decision-making in business</subfield>
   </datafield>
</record></metadata></record></GetRecord></OAI-PMH>